000 02341nam a2200397 c 4500
003 BLK
005 20180422110516.0
008 180409b bul|||||r ||||||| ||bul||
010 _aKNG00123742000
040 _aBLK
041 _aBUL
_cBUL
080 _aМилитаризмът като психоза
_b355.015
_x(73)(035)
_z355.015(73)(035)
080 _aМеждународни политически отношения. Световна политика. Международна политика. Дипломация
_b327
_x(73)(035)
_z327(73)(035)
100 1 _aАлексеев, Рудолф Фьодорович
_eпърви автор
_9315537
700 1 _aКрутских, Андрей Владимирович
_eсъавт.
_984526
700 1 _aСветлов, Александър Александрович
_eсъавт.
_9315538
700 1 _aАтанасова, Магдалена
_eпрев. от рус.
_9368678
700 1 _aЧакърова, Гюргена
_eпрев. от рус.
_9315539
139 _aАлексеев, Рудолф Фьодорович и др.
_bА 51
245 1 0 _aМилитаризмът на САЩ - военна машина, блокове, бази, актове на агресия
_bСправ.
_cРудолф Фьодорович Алексеев; съавт. Андрей Владимирович Крутских; съавт. Александър Александрович Светлов; прев. от рус. Магдалена Атанасова; прев. от рус. Гюргена Чакърова.
257 _aSUN
260 София
_bПартиздат
_c1987
_fВ. Търново : Д. Найденов
300 _a316 с.
_c20 см
380 _a3
500 _aОриг. загл. Милитаризм США : военная машина, блоки, базы и акты агрессии / Р. Ф. Алексеев, А. В. Крутских, А. А. Светлов.
650 4 _aМилитаризъм - САЩ
_9315030
651 4 _aСАЩ
_9179493
653 _aмилитаризъм
653 _aСАЩ
653 _aполитически идеи
852 _aЦб 147120
856 4 _qpdf
_u
856 4 _qpdf
_u
942 _cKNG
_n0
944 _aCR
_c22.06.2011
_l22.06.2011 - от С1,Р / 22.06.2011
_kВиолета_Тройчева
944 _aED
_c22.06.2011
_l22.06.2011 - от С1,Р / 22.06.2011
_k
999 _c118141
_d118141